000 00256nam a22001097a 4500
008 170112b xxu||||| |||| 00| 0 eng d
020 _a9780130941824
041 _aeng
080 _a618.2
245 _aLPN/LVN STUDENT NURSE HANDBOOK
_cBROWN
942 _2udc
_cBK
999 _c2809
_d2809